000 01502nam a2200301 a 4500
001 BRCA_3438
005 20190320204301.0
041 _aita
044 _ait
084 _a727
_b.T79
_c1832
100 1 _aCervantes Saavedra, Miguel de
_d1547-1616
_9213
245 1 0 _aVita e Avventure di Don Chisciotte della Mancia
_cdi M. Cervantes Saavedra ; Traduzione di Lorenzo Franciosini nuovamente riscontrata col testo spagnolo e reintegrata per cura e studio di Luigi Toccagni.
260 _aMilán
_bG. Truffi e Comp.
_c1832
300 _a4 v. en 8 tomos
_bil.
_c15 cm.
500 _aContenido : v.1. Primera parte. Advertencia de L. Toccagni. Prólogo del autor. -- v.2. Primera parte. Final. Texto. -- v.3. Segunda parte. Prólogo del autor. Segunda parte. Final. Texto
500 _aTraducción de Franciosini revisada y modernizada por L. Toccagni. Va ilustrada con láminas de Lanzani que dejan mucho que desear. Semipiel; lomeras decoradas con filetes dorados Lúdovik Osterc
500 _aQM6(?)
546 _aTexto en : italiano
650 1 4 _aNovela española
_yÉpoca clásica, 1500-1700
_9215
650 1 4 _aLiteratura española
_yÉpoca clásica, 1500-1700
_9216
650 1 4 _aNovela española
_ySiglo XVII
_9217
650 1 4 _aDon Quijote (Personaje ficticio)
_eNovela
_9218
700 1 _aFranciosini Fiorentino, Lorenzo
_eTraductor
_98998
700 1 _aToccagni, Luigi
_d1788-1853
_eTraductor
_98999
740 0 _aEl Ingenioso Hidalgo Don Quijote de la Mancha
902 _aQFM
942 _2lcc
_cB
999 _c3174
_d3174